00579nam a2200193Ia 450000500170000000800410001702000160005804000190007404100120009308200150010510000210012024500660014126000430020730000270025044000340027750400500031165000140036185000100037520230510105203.0131103s9999 xx 000 0 und d a007029557 3 aLoreto College aEnglish a330.1bHOL aHolesovsky,Vadav aEconomic systemsb analysis and comparison cVadav Holesovsky aTokyobMcGraw - Hill Kogakushacc 1977 axiv,495 p.b ill.,fig. aInternational Student Edition aIncludes bibliographical references and index aEconomics aLCLIB